00451nam a2200169Ia 450000500170000000800410001702000120005804000190007004100120008908200160010110000250011724500480014226000440019030000160023465000210025085000100027120240930115532.0131103s9999 xx 000 0 und d cRs.3.50 aLoreto College aEnglish a891.44bTAG aThakur, Rabindranath aSahaj pathb part 2 cRabindranath Thakur  aKolkatabVishwabharati granthalayc1932 a51p.b pic. aBengali language aLCBED